000 00340 a2200157 4500
001 16902
020 _a9788541810623
040 _cAnchieta - Bela Vista
100 _aChaud, Benjamin
240 1 0 _aAdeus, meião
_lpor
245 1 0 _aAdeus, meião
300 _a36
362 0 _a2015
650 4 _aLiteratura infanto-juvenil
942 _cBK
999 _c16902
_d16902